| 000 | 00556nam a22001577a 4500 | ||
|---|---|---|---|
| 008 | 140428b xxu||||| |||| 00| 0 spa d | ||
| 020 | _a978-950-23-1608-6 | ||
| 082 |
_214 _a363.6 |
||
| 245 | 0 | 3 |
_aLa obra pública como desarrollo sustentable : _binforme sobre Desarrollo Humano en la Provincia de Buenos Aires 2007./ _cFundación Banco de la Provincia de Buenos Aires. |
| 260 |
_aBuenos Aires : _bEudeba, _c2007. |
||
| 300 | _a232 p. | ||
| 650 | 0 |
_9785 _aURBANIZACION |
|
| 651 | 0 |
_aBUENOS AIRES (Argentina) _9746 |
|
| 942 |
_2ddc _cLIBRO |
||
| 980 |
_gVALERIA BEATRIZ DOMÍNGUEZ _81943 |
||
| 999 |
_c1996 _d1996 |
||